Comision para la correlacion del sistema Karroo (Gondwana).

Bibliographic Details
Corporate Author: International Geological Congress Mexico
Format: Conference Proceeding Book
Language:Spanish
English
French
German
Published: Mexico : [Editorial Stylo], 1958.
Subjects:

MARC

Tag First Indicator Second Indicator Subfields
LEADER 00000cam a2200000 4500
001 in00000048558
005 20151007073525.0
008 730201s1958 mx a 00000 spa u
035 |a (OCoLC)00550585 
035 |9 AAE9877AM 
040 |c WSU  |d TXA  |d UtOrBLW 
041 0 |a eng  |a fre  |a ger  |a spa 
049 |a TXAM  |c [355442] 
090 |a QE654  |b .I5 1956 
092 |a 551.41  |b I61c, 1958 
111 2 |a International Geological Congress  |n (20th :  |d 1956 :  |c Mexico) 
245 1 0 |a Comision para la correlacion del sistema Karroo (Gondwana). 
264 1 |a Mexico :  |b [Editorial Stylo],  |c 1958. 
300 |a 256 pages :  |b illustrations 
336 |a text  |b txt  |2 rdacontent 
337 |a unmediated  |b n  |2 rdamedia 
338 |a volume  |b nc  |2 rdacarrier 
500 |a Contributions in English, French, German, and Spanish. 
650 0 |a Continents. 
650 0 |a Geology  |z South America. 
650 0 |a Geology  |z Australia. 
650 0 |a Geology  |z Australia  |z Tasmania. 
650 0 |a Geology  |z Africa. 
651 0 |a Karoo Supergroup. 
651 0 |a Gondwana (Continent) 
999 |a MARS 
999 f f |s 7f1502c0-4914-3da4-a3b5-4622c8d07b08  |i 03db3aeb-3a79-3f8e-9a8a-225dd4061207  |t 0 
952 f f |p ric  |a Texas A&M University  |b Rellis Campus  |c Joint Library Facility  |d Remote Storage  |t 0  |e QE654 .I5 1956  |h Library of Congress classification  |i unmediated -- volume  |m A14800951965 
998 f f |a QE654 .I5 1956  |t 0  |l Remote Storage